[Event "Umel"]
[Site "Umel"]
[Date "1997.??.??"]
[Round "4"]
[White "Thoren, Per"]
[Black "Petrov, Marian"]
[Result "1/2-1/2"]
[WhiteElo "2225"]
[BlackElo "2405"]
[PlyCount "37"]
[EventDate "1997.??.??"]
[EventType "tourn"]
[EventRounds "9"]
[EventCountry "SWE"]
[EventCategory "4"]
[SourceTitle "EXT 2001"]
[Source "ChessBase"]
[SourceDate "2000.11.22"]
[SourceVersion "1"]
[SourceVersionDate "2000.11.22"]
[SourceQuality "1"]

1. e4 c5 2. Nf3 Nc6 3. d4 cxd4 4. Nxd4 Qb6 5. Nb5 a6 6. Be3 Qa5+ 7. N5c3 e6 8. Nd2 b5 9. a4 b4 10. Nc4 Qc7 11. Nd5 exd5 12. exd5 Nf6 13. Qe2 Be7 14. d6 Qb8 15. Bc5 0-0 16. dxe7 Re8 17. Bd6 Qa7 18. 0-0-0 Nxe7 19. Qe3 1/2-1/2

[Event "SWE-chT 9394"]
[Site "Sweden"]
[Date "1994.??.??"]
[Round "5"]
[White "Schneider, Stefan"]
[Black "Thoren, Per"]
[Result "1/2-1/2"]
[WhiteElo "2100"]
[BlackElo "2215"]
[PlyCount "113"]
[EventDate "1993.??.??"]
[EventType "team"]
[EventRounds "9"]
[EventCountry "SWE"]
[SourceTitle "EXT 2000"]
[Source "ChessBase"]
[SourceDate "1999.11.16"]
[SourceVersion "1"]
[SourceVersionDate "1999.11.16"]
[SourceQuality "1"]

1. d4 Nf6 2. c4 c5 3. d5 b5 4. cxb5 a6 5. f3 axb5 6. e4 Qa5+ 7. Bd2 b4 8. Na3 d6 9. Nc4 Qa7 10. Bd3 g6 11. f4 Bg7 12. Nf3 0-0 13. Qe2 Nbd7 14. Be3 Nb6 15. Nfd2 Nxc4 16. Nxc4 Ba6 17. Bf2 Nd7 18. 0-0 Nb6 19. Nxb6 Qxb6 20. Bxa6 Qxa6 21. Qd2 Qc4 22. e5 Rxa2 23. Rxa2 Qxa2 24. Bh4 Re8 25. Re1 Qa8 26. Qd3 f6 27. Qh3 Qxd5 28. Qd7 Rf8 29. exf6 exf6 30. Re7 Rf7 31. Rxf7 Qxf7 32. Qxd6 Bf8 33. Qd8 Qe6 34. Kf2 Qe7 35. Qd2 c4 36. Qd5+ Qf7 37. Qd4 f5 38. Bf6 h6 39. Be5 Kh7 40. Qd8 Kg8 41. Qb8 Kh7 42. h4 Qe7 43. Kg3 Bg7 44. Bxg7 Kxg7 45. Qb6 h5 46. Qd4+ Qf6 47. Qxc4 Qxb2 48. Qc7+ Kh6 49. Qe7 Qc3+ 50. Kh2 b3 51. Qf8+ Qg7 52. Qb4 b2 53. Kh3 Qf6 54. g3 Kg7 55. Qb7+ Kh6 56. Qb4 Kg7 57. Qb7+ 1/2-1/2

[Event "SWE-chT 9394"]
[Site "Sweden"]
[Date "1993.??.??"]
[Round "1"]
[White "Thoren, Per"]
[Black "Engsner, Joakim"]
[Result "1/2-1/2"]
[WhiteElo "2215"]
[BlackElo "2235"]
[PlyCount "65"]
[EventDate "1993.??.??"]
[EventType "team"]
[EventRounds "9"]
[EventCountry "SWE"]
[SourceTitle "EXT 2000"]
[Source "ChessBase"]
[SourceDate "1999.11.16"]
[SourceVersion "1"]
[SourceVersionDate "1999.11.16"]
[SourceQuality "1"]

1. e4 e6 2. d4 d5 3. e5 c5 4. Nf3 Nc6 5. Bd3 cxd4 6. 0-0 f6 7. Qe2 fxe5 8. Nxe5 Nf6 9. f4 Bd6 10. Nd2 Qc7 11. Ndf3 0-0 12. a3 Bd7 13. b4 Ne4 14. Nxd7 Qxd7 15. Bxe4 dxe4 16. Qxe4 Be7 17. Bd2 Bf6 18. Rae1 Rfe8 19. h4 Rac8 20. Ng5 Bxg5 21. hxg5 g6 22. Bc1 b5 23. Bb2 Rcd8 24. Re2 Qd5 25. Rd1 Qc4 26. Red2 e5 27. fxe5 Rxe5 28. Qg4 Red5 29. Qe6+ Kh8 30. Qf6+ Kg8 31. Qe6+ Kh8 32. Qf6+ Kg8 33. Qe6+ 1/2-1/2